[Event "FIDE World Uni Blitz-C 1st"]
[Site "Tornelo INT"]
[Date "2021.03.13"]
[Round "4.11"]
[White "Ali, Muhammad Lutfi"]
[Black "Ferraguti, Francesco"]
[Result "1/2-1/2"]
[WhiteElo "2399"]
[BlackElo "2067"]
[PlyCount "136"]
[EventDate "2021.03.13"]
[EventType "swiss (blitz)"]
[EventRounds "10"]
[EventCountry "NET"]
[SourceTitle "EXT 2022"]
[Source "ChessBase"]
[SourceDate "2021.10.06"]
[SourceVersion "1"]
[SourceVersionDate "2021.10.06"]
[SourceQuality "1"]

1. e4 e5 2. Nf3 Nf6 3. Nxe5 d6 4. Nf3 Nxe4 5. d4 d5 6. Bd3 Be7 7. 0-0 0-0 8. Re1 Nf6 9. h3 Re8 10. Nbd2 Nbd7 11. Nf1 Nf8 12. Ng3 Ng6 13. Ne5 c6 14. c3 Bd6 15. f4 Bd7 16. Be3 c5 17. Bxg6 hxg6 18. dxc5 Bxe5 19. fxe5 Rxe5 20. Bd4 Re8 21. Qf3 Qc7 22. Rxe8+ Rxe8 23. Rf1 Bb5 24. Qf4 Qxf4 25. Rxf4 Re1+ 26. Kh2 Rb1 27. Rf2 Ne4 28. Nxe4 dxe4 29. Kg3 f6 30. Kf4 Re1 31. h4 Kf7 32. Be3 Bc6 33. g4 Rh1 34. Kg3 Rg1+ 35. Kf4 Rh1 36. Kg3 Rg1+ 37. Rg2 Rxg2+ 38. Kxg2 Ke6 39. b3 f5 40. Kg3 Kd5 41. Kf4 Bd7 42. c4+ Ke6 43. Bd4 Kf7 44. g5 Ke6 45. Bxg7 Bc6 46. Bd4 Bd7 47. b4 Be8 48. b5 Bd7 49. a4 Be8 50. c6 bxc6 51. Bxa7 cxb5 52. axb5 Kd6 53. Ke3 Bf7 54. Kd4 e3 55. Bb8+ Kd7 56. Bg3 e2 57. c5 f4 58. c6+ Kc7 59. Bxf4+ Kb6 60. Bg3 Kxb5 61. c7 Be6 62. h5 gxh5 63. g6 Kc6 64. g7 e1Q 65. Bxe1 Kxc7 66. Ke5 Kd7 67. Kf6 Ba2 68. Kg6 Ke8 1/2-1/2

[Event "ITA-ch U16"]
[Site "Courmayeur"]
[Date "2013.07.05"]
[Round "8"]
[White "Ferraguti, Francesco"]
[Black "Altea, Alessandro"]
[Result "0-1"]
[WhiteElo "1945"]
[BlackElo "1868"]
[PlyCount "102"]
[EventDate "2013.06.30"]
[EventType "swiss"]
[EventRounds "9"]
[EventCountry "ITA"]
[SourceTitle "EXT 2015"]
[Source "ChessBase"]
[SourceDate "2014.11.20"]
[SourceVersion "1"]
[SourceVersionDate "2014.11.20"]
[SourceQuality "1"]

1. f4 d5 2. Nf3 Nf6 3. b3 Bg4 4. e3 Nbd7 5. Bb2 e6 6. Be2 Bd6 7. d4 Ne4 8. 0-0 0-0 9. c4 f5 10. Ne5 Bxe2 11. Qxe2 c6 12. Nd2 Nxd2 13. Qxd2 Nf6 14. b4 Ne4 15. Qe1 Bxe5 16. fxe5 dxc4 17. Rc1 b5 18. Qe2 Qg5 19. Rf4 a5 20. Ba3 axb4 21. Bxb4 Rfc8 22. Be1 Ra4 23. Rc2 Rca8 24. g4 Qg6 25. Kh1 Qf7 26. gxf5 exf5 27. Qg2 Ra3 28. Qe2 c3 29. Qf3 g6 30. Bxc3 Rxa2 31. Rxa2 Rxa2 32. Be1 Qc4 33. Qf1 Qc2 34. Rh4 Ra1 35. e6 Qb1 36. e7 Nf6 37. Kg1 Qxe1 38. Qxe1 Rxe1+ 39. Kf2 Ra1 40. Kf3 Kf7 41. Kf4 Kxe7 42. Ke5 Re1 43. Kf4 Rf1+ 44. Kg3 b4 45. Kg2 Rc1 46. d5 Nxd5 47. Rxh7+ Kf6 48. Rb7 Nxe3+ 49. Kh3 Nd5 50. Kh4 Rc3 51. h3 g5+ 0-1

[Event "Gabicce Mare op 1st"]
[Site "Gabicce Mare"]
[Date "2013.01.02"]
[Round "1"]
[White "Ferraguti, Francesco"]
[Black "Bjerke, Silje"]
[Result "0-1"]
[WhiteElo "1925"]
[BlackElo "2210"]
[PlyCount "72"]
[EventDate "2013.01.02"]
[EventType "swiss"]
[EventRounds "9"]
[EventCountry "ITA"]
[SourceTitle "EXT 2015"]
[Source "ChessBase"]
[SourceDate "2014.11.20"]
[SourceVersion "1"]
[SourceVersionDate "2014.11.20"]
[SourceQuality "1"]

1. d4 d5 2. c4 e5 3. dxe5 d4 4. Nf3 Nc6 5. g3 Nge7 6. Bg2 Ng6 7. 0-0 Ngxe5 8. Nbd2 Be7 9. b3 0-0 10. Nxe5 Nxe5 11. Nf3 Nxf3+ 12. Bxf3 c6 13. Bb2 Bh3 14. Re1 Bb4 15. Qxd4 Qxd4 16. Bxd4 Bxe1 17. Rxe1 Be6 18. c5 Rfd8 19. e3 Rd7 20. Re2 a5 21. Be4 a4 22. b4 a3 23. Bc2 h5 24. Bd1 g5 25. Rd2 h4 26. g4 h3 27. f3 f5 28. gxf5 Bxf5 29. Bb3+ Kh7 30. Kf2 Rf8 31. Kg3 Re7 32. Bc4 Bg6 33. Kxh3 Rxf3+ 34. Kg4 Rf8 35. Kxg5 Re4 36. Bf6 Rxc4 0-1

[Event "Modena Province-ch"]
[Site "Modena"]
[Date "2012.12.16"]
[Round "4"]
[White "Frignani, Alessandro"]
[Black "Ferraguti, Francesco"]
[Result "0-1"]
[WhiteElo "1344"]
[BlackElo "1914"]
[PlyCount "70"]
[EventDate "2012.12.14"]
[EventType "swiss"]
[EventRounds "5"]
[EventCountry "ITA"]
[SourceTitle "EXT 2014"]
[Source "ChessBase"]
[SourceDate "2013.11.20"]
[SourceVersion "1"]
[SourceVersionDate "2013.11.20"]
[SourceQuality "1"]

1. e4 e5 2. Bc4 Nc6 3. Qf3 Nf6 4. Qb3 Nd4 5. Qd3 d5 6. Bxd5 Nxd5 7. exd5 Bf5 8. Qc4 Nxc2+ 9. Kd1 Nxa1 10. g4 Bxb1 11. d3 Bc2+ 12. Kd2 Qg5+ 13. f4 Qxf4+ 14. Qxf4 exf4 15. Ne2 Bb4+ 16. Nc3 0-0 17. b3 Bxb3 18. axb3 Nxb3+ 19. Kc2 Nxc1 20. Rxc1 Bxc3 21. Kxc3 g5 22. Rb1 b6 23. Kd2 a5 24. Kc3 a4 25. Kb2 Rfd8 26. Rc1 a3+ 27. Ka2 Rxd5 28. Rd1 f3 29. d4 c5 30. Rd3 Rxd4 31. Rxf3 Rd2+ 32. Ka1 a2 33. Rf1 b5 34. h3 b4 35. Rc1 b3 0-1

[Event "Giovanni Pico Cup 5th"]
[Site "Mirandola"]
[Date "2012.01.13"]
[Round "1"]
[White "Pavesi, Paolo"]
[Black "Ferraguti, Francesco"]
[Result "0-1"]
[WhiteElo "1542"]
[BlackElo "1870"]
[PlyCount "62"]
[EventDate "2012.01.13"]
[EventType "swiss"]
[EventRounds "5"]
[EventCountry "ITA"]
[SourceTitle "EXT 2023"]
[Source "ChessBase"]
[SourceDate "2022.10.05"]
[SourceVersion "1"]
[SourceVersionDate "2022.10.05"]
[SourceQuality "1"]

1. d4 d5 2. Nf3 c6 3. Bf4 Nf6 4. e3 g6 5. Bd3 Bg7 6. c3 Nbd7 7. Nbd2 h6 8. Qc2 0-0 9. e4 dxe4 10. Nxe4 Nd5 11. Bd2 Kh7 12. Neg5+ hxg5 13. Bxg6+ fxg6 14. Nxg5+ Kg8 15. Qxg6 N7f6 16. h4 Qe8 17. Qc2 Qd7 18. 0-0-0 Qf5 19. Qxf5 Bxf5 20. f3 Nh7 21. g4 Nxg5 22. hxg5 Bd3 23. c4 Bxc4 24. Kc2 Be2 25. Rde1 Bxf3 26. Rh4 Bxd4 27. g6 Bf2 28. g7 Kxg7 29. Bh6+ Kg8 30. Bxf8 Bxe1 31. Rh5 Rxf8 0-1

[Event "Modena Province-ch 11"]
[Site "Modena"]
[Date "2010.12.12"]
[Round "5"]
[White "Ferraguti, Francesco"]
[Black "Venturelli, Sara"]
[Result "1-0"]
[WhiteElo "1790"]
[BlackElo "1455"]
[PlyCount "43"]
[EventDate "2010.12.10"]
[EventType "swiss"]
[EventRounds "5"]
[EventCountry "ITA"]
[SourceTitle "EXT 2024"]
[Source "ChessBase"]
[SourceDate "2023.10.10"]
[SourceVersion "1"]
[SourceVersionDate "2023.10.10"]
[SourceQuality "1"]

1. d4 d5 2. c4 Nf6 3. cxd5 Nxd5 4. Nf3 e6 5. Nc3 Bb4 6. Bd2 0-0 7. e4 Bxc3 8. bxc3 Ne7 9. Qc2 b6 10. Bd3 f6 11. 0-0 Bb7 12. Rab1 f5 13. Rfe1 Nd7 14. Bg5 fxe4 15. Bxe4 c6 16. Bxh7+ Kh8 17. Rxe6 Nf6 18. Bxf6 gxf6 19. Bd3 Rg8 20. Qd2 Qf8 21. Rxe7 Rg7 22. Qh6+ 1-0

[Event "Vignola Weekend-A 9th"]
[Site "Vignola"]
[Date "2010.11.14"]
[Round "5"]
[White "Mancini, Anna"]
[Black "Ferraguti, Francesco"]
[Result "0-1"]
[WhiteElo "1395"]
[BlackElo "1790"]
[PlyCount "76"]
[EventDate "2010.11.12"]
[EventType "swiss"]
[EventRounds "5"]
[EventCountry "ITA"]
[SourceTitle "EXT 2024"]
[Source "ChessBase"]
[SourceDate "2023.10.10"]
[SourceVersion "1"]
[SourceVersionDate "2023.10.10"]
[SourceQuality "1"]

1. e4 e5 2. Bc4 Nf6 3. d3 Nc6 4. Nc3 Bc5 5. Be3 Bb6 6. Nf3 d6 7. h3 Be6 8. Nd5 Na5 9. Nxb6 axb6 10. Bb3 0-0 11. Bxe6 fxe6 12. Ng5 Qe8 13. b3 Nc6 14. 0-0 h6 15. Nf3 g5 16. c3 Qg6 17. g4 Qf7 18. d4 Nxe4 19. h4 Qxf3 20. Qxf3 Rxf3 21. hxg5 Nxg5 22. dxe5 Nxe5 23. Bxg5 hxg5 24. Rae1 Rxc3 25. f4 Nf3+ 26. Kf2 Nxe1 27. Rxe1 Rxa2+ 28. Kg1 gxf4 29. Rf1 Rg3+ 30. Kh1 Rxg4 31. b4 Ra3 32. Rf2 Rh3+ 33. Rh2 Rxh2+ 34. Kxh2 f3 35. b5 f2 36. Kh3 Rg7 37. Kh2 f1R 38. Kh3 Rh1# 0-1

[Event "Vignola Weekend-A 9th"]
[Site "Vignola"]
[Date "2010.11.12"]
[Round "1"]
[White "Ferraguti, Francesco"]
[Black "Rubbiani, Samuel"]
[Result "1/2-1/2"]
[WhiteElo "1790"]
[BlackElo "1485"]
[PlyCount "76"]
[EventDate "2010.11.12"]
[EventType "swiss"]
[EventRounds "5"]
[EventCountry "ITA"]
[SourceTitle "EXT 2024"]
[Source "ChessBase"]
[SourceDate "2023.10.10"]
[SourceVersion "1"]
[SourceVersionDate "2023.10.10"]
[SourceQuality "1"]

1. d4 Nf6 2. c4 d6 3. Nc3 g6 4. e4 Bg7 5. Nf3 Nfd7 6. Be3 b6 7. Be2 Bb7 8. h3 0-0 9. g4 Nf6 10. d5 c6 11. Qd2 cxd5 12. exd5 e6 13. 0-0-0 exd5 14. cxd5 a6 15. Bh6 Nbd7 16. Bxg7 Kxg7 17. Qd4 Ne5 18. Nxe5 dxe5 19. Qxe5 Re8 20. Qg3 Rc8 21. Kb1 Nxd5 22. Nxd5 Bxd5 23. Bf3 Rc5 24. b4 Rb5 25. Qf4 Qe7 26. a3 Qe5 27. Qxe5+ Rxe5 28. Bxd5 Rbxd5 29. Rxd5 Rxd5 30. Kc2 a5 31. Kc3 axb4+ 32. axb4 b5 33. Re1 h5 34. f4 hxg4 35. hxg4 Kh6 36. Rh1+ Kg7 37. Re1 Kh6 38. Rh1+ Kg7 1/2-1/2

[Event "Mirandola Giovanni Pico 3rd"]
[Site "Mirandola"]
[Date "2010.01.16"]
[Round "4"]
[White "Ferraguti, Francesco"]
[Black "Cartegni, Aldo Jose"]
[Result "1-0"]
[WhiteElo "1658"]
[BlackElo "1413"]
[PlyCount "57"]
[EventDate "2010.01.15"]
[EventType "swiss"]
[EventRounds "5"]
[EventCountry "ITA"]
[SourceTitle "EXT 2024"]
[Source "ChessBase"]
[SourceDate "2023.10.10"]
[SourceVersion "1"]
[SourceVersionDate "2023.10.10"]
[SourceQuality "1"]

1. d4 d5 2. c4 e6 3. Nc3 Bb4 4. Qa4+ Nc6 5. e3 Bd7 6. Qc2 Nf6 7. Bd2 0-0 8. Nf3 b6 9. cxd5 exd5 10. Be2 Re8 11. 0-0 Bd6 12. a3 a6 13. b4 b5 14. Rfc1 Ne7 15. Ne1 c6 16. Nd3 Bf5 17. Qb2 Qc7 18. h3 Nc8 19. a4 Nb6 20. Nc5 Nc4 21. Bxc4 bxc4 22. a5 Reb8 23. N3a4 Ne4 24. Nxe4 Bxe4 25. Nc5 Be7 26. Nxe4 dxe4 27. Rxc4 c5 28. dxc5 Bxc5 29. Qc1 1-0

[Event "Modena Province-ch"]
[Site "Modena"]
[Date "2009.12.11"]
[Round "1"]
[White "Ferraguti, Francesco"]
[Black "Vincenzi, Marco"]
[Result "1/2-1/2"]
[WhiteElo "1660"]
[BlackElo "2078"]
[PlyCount "79"]
[EventDate "2009.12.11"]
[EventType "swiss"]
[EventRounds "5"]
[EventCountry "ITA"]
[SourceTitle "EXT 2012"]
[Source "ChessBase"]
[SourceDate "2011.11.24"]
[SourceVersion "1"]
[SourceVersionDate "2011.11.24"]
[SourceQuality "1"]

1. d4 Nf6 2. c4 c5 3. Nf3 cxd4 4. Nxd4 Nc6 5. Nc3 g6 6. e4 d6 7. Be2 Bg7 8. Be3 0-0 9. 0-0 Nxd4 10. Bxd4 Be6 11. f3 Qa5 12. Nd5 Bxd5 13. cxd5 Nd7 14. Bxg7 Kxg7 15. Qd4+ Kg8 16. a4 Rfc8 17. Bb5 Nf6 18. Rfc1 a6 19. b4 Qd8 20. Be2 Rxc1+ 21. Rxc1 Rc8 22. Rxc8 Qxc8 23. Qc4 Qxc4 24. Bxc4 Nd7 25. Kf2 Kg7 26. Ke3 g5 27. g3 h6 28. Be2 Kg6 29. f4 gxf4+ 30. gxf4 f5 31. Bf3 b6 32. Kd4 fxe4 33. Kxe4 a5 34. bxa5 bxa5 35. Bd1 Nc5+ 36. Kf3 Kf6 37. Kg4 Nd3 38. Kf3 Nc5 39. Kg4 Nd3 40. Kf3 1/2-1/2